000 00834nam a22001817a 4500
003 IT-RoPau
005 20220918175939.0
008 130129b xxu||||| |||| 00| 0 eng d
040 _cIT-RoPau
100 _aMerlo , Tecla
_9292
245 _aSemi di sapienza
_bper il cristiano di oggi a cura di Mercedes Mastrostefano
250 _aI
260 _aMilano
_bFSP
_c2005
300 _a192 p.
_c17,5 cm
490 _aPaoline
_vI
520 _aIndice Tecla Merlo Un apostola moderna Nota Amor proprio Angelo custode Apostolato Bontà Carità Croce Diavolo Difetti Dio - Gesù Esame di coscienza Esempio Eternità Famiglia Fiducia/fede Fortezza/pazienza Gioia Lavoro Lingua maria Morte Mortificazione Pace Perdono Preghiera Ringraziamento Rosario Sincerità Tempo Umiltà Virtù Vita Volontà di Dio Cronologia
942 _2ddc
_cBK
999 _c37863
_d37863